000
00308 a2200145 4500
001
149086
040
_c
Escola São Tomás de Aquino
100
_a
FURNARI, Eva
240
1
0
_a
Trudi e Kiki
_l
por
245
1
0
_a
Trudi e Kiki
300
_a
31
362
0
_a
2010
697
_a
*LITERATURA INFANTO
942
_c
BK
999
_c
149086
_d
149086